| 000 | 01367nam a2200361 i 4500 | ||
|---|---|---|---|
| 003 | EG-GICUC | ||
| 005 | 20260406193833.0 | ||
| 008 | 260406s1927 gw ||||fri||| 00| 0 ger d | ||
| 040 |
_aEG-GiCUC _bger _cEG-GiCUC _dEG-GiCUC _erda |
||
| 041 | _ager | ||
| 082 | 0 | 4 |
_221 _a341.3 _bAU.D |
| 092 | 0 | 4 | _221 |
| 099 | _aLaw1 11 341.3 AU.D 1927 | ||
| 110 |
_kAuswärtiges Amt _eAuthor. |
||
| 245 |
_aDie Grosse Politik der Europäischen Kabinette 1871 - 1914 : _bSammlung der diplomatischen Akten des Auswärtigen Amtes . _n40 Band , _p Namenregister zu Band XXVI bis XXXIX / _cAuswärtiges Amt . |
||
| 264 |
_aBerlin : _bDeutsche Verlagsgesellschaft für Politik und Geschichte , _c1927 . |
||
| 300 |
_a176 pages , _c24 cm _billustrations, |
||
| 336 |
_2rda content _atext |
||
| 337 |
_2rda media _aComputer |
||
| 338 |
_2rda carrier _aOnline Resource |
||
| 490 | _aDie Grosse Politik der Europäischen Kabinette | ||
| 504 | _aBibliography: pages 200-250. | ||
| 546 | _a Text in German | ||
| 650 | 1 |
_aInternationales Recht _zDeutschland _2qrmak |
|
| 650 | 1 |
_aInternationale Beziehungen _2qrmak |
|
| 651 | 1 | _2qrmak | |
| 700 | 1 |
_aJohannes Lepsius _eeditor. |
|
| 700 | 1 |
_aAlbrecht Mendelssohn Bartholdy _eeditor. |
|
| 700 | 1 |
_aFriedrich Thimme _eeditor. |
|
| 856 | 4 | 0 | _uhttps://fll.law.cu.edu.eg/fulltext/bks/B11-08135.pdf |
| 905 | _a60 | ||
| 942 |
_2ddc _cBK _e21 _n0 |
||
| 999 |
_c69356 _d69356 |
||